Les 30 joueurs les + chers de 2022-2023 - Statistiques

Statistiques générales
  • Ce quiz a été pris 124 fois
  • Le résultat moyen est 19 sur 30
Statistiques - réponses
# De Vers Valeur du transfert Pays Joueur % Correct
2 AFC Ajax Manchester United 95 000 000 € Brésil Antony
94%
1 SL Benfica Chelsea FC 121 000 000 € Argentine Enzo Fernández
92%
25 CA River Plate SL Benfica 44 250 000 € Argentine Enzo Fernández
92%
3 SL Benfica Liverpool FC 85 000 000 € Uruguay Darwin Núñez
90%
11 Borussia Dortmund Manchester City 60 000 000 € Norvège Erling Haaland
88%
5 AS Monaco Real Madrid CF 80 000 000 € France Aurélien Tchouaméni
85%
7 Real Madrid CF Manchester United 70 650 000 € Brésil Casemiro
83%
6 Real Sociedad Newcastle United FC 77 500 000 € Suède Alexander Isak
82%
9 Juventus FC Bayern München 67 000 000 € Pays-Bas Matthijs de Ligt
78%
8 FC Shakhtar Donetsk Chelsea FC 70 000 000 € Ukraine Mykhaylo Mudryk
78%
4 Leicester City FC Chelsea FC 80 400 000 € France Wesley Fofana
75%
16 Manchester City Arsenal FC 52 200 000 € Brésil Gabriel Jesus
74%
13 Leeds United FC FC Barcelona 58 000 000 € Brésil Raphinha
72%
12 Everton FC Tottenham Hotspur 58 000 000 € Brésil Richarlison
71%
18 Sevilla FC FC Barcelona 50 000 000 € France Jules Koundé
66%
15 Manchester City Chelsea FC 56 200 000 € Angleterre Raheem Sterling
66%
10 Brighton & Hove Albion Chelsea FC 65 300 000 € Espagne Marc Cucurella
65%
14 AFC Ajax Manchester United 57 370 000 € Argentine Lisandro Martínez
59%
23 FC Bayern München FC Barcelona 45 000 000 € Pologne Robert Lewandowski
58%
29 FC Porto Paris Saint-Germain 41 500 000 € Portugal Vitinha
50%
26 Olympique Lyonnais West Ham United 42 950 000 € Brésil Lucas Paquetá
49%
17 Atalanta BC Tottenham Hotspur 52 000 000 € Argentine Cristian Romero
47%
21 Torino FC Juventus 46 900 000 € Brésil Bremer
44%
28 SSC Napoli Chelsea FC 41 900 000 € Sénégal Kalidou Koulibaly
42%
27 PSV Eindhoven Liverpool FC 42 000 000 € Pays-Bas Cody Gakpo
39%
19 Leeds United FC Manchester City 49 000 000 € Angleterre Kalvin Phillips
39%
24 ACF Fiorentina Juventus 44 600 000 € Italie Federico Chiesa
32%
22 Everton FC Newcastle United FC 45 600 000 € Angleterre Anthony Gordon
23%
30 TSG Hoffenheim Leeds United FC 40 500 000 € France Georginio Rutter
21%
20 Sporting CP Wolverhampton Wanderers 47 400 000 € Portugal Matheus Nunes
20%
Aucun quiz correspondant
Distribution des résultats
% des personnes avec chaque résultat
Percentile par nombre de réponses
Votre historique - résultats
Vous n’avez pas pris ce quiz